[Event "Poikovsky Karpov 05th"]
[Site "Poikovsky"]
[Date "2004.03.18"]
[Round "2"]
[White "Lautier, Joel"]
[Black "Bologan, Viktor"]
[Result "1/2-1/2"]
[WhiteElo "2676"]
[BlackElo "2679"]
[Annotator "Golod,V"]
[PlyCount "130"]
[EventDate "2004.03.17"]
[EventType "tourn"]
[EventRounds "9"]
[EventCountry "RUS"]
[EventCategory "18"]
[SourceTitle "CBM 100"]
[Source "ChessBase"]
[SourceDate "2004.06.01"]
[SourceVersion "1"]
[SourceVersionDate "2004.06.01"]
[SourceQuality "1"]

1. d4 Nf6 2. c4 e6 3. Nc3 Bb4 4. Qc2 O-O 5. a3 Bxc3+ 6. Qxc3 b6 7. Bg5 Bb7 8.
e3 d6 9. f3 Nbd7 10. Nh3 h6 11. Bh4 Rc8 $5 {Comments to this part of the game
(9-11 moves) and also:} (11... c5 $5 {You can find in my annotations to game:
Kasparov,G-Karpov,A/Frankfurt,1999/CBM 72 (1-0)(43)}) 12. Nf2 $5 ({Also were
checked up in previous games: 12.Rc1; 12.Bd3; 12.b3; 12.0-0-0!? and} 12. Bg3 {
[%csl Rd6][%cal Gg3d6] This move is directed against progress "c5".} Qe7 13.
Be2 c5 14. dxc5 Nxc5 (14... Rxc5 $5) 15. O-O d5 $11) 12... c5 13. Ng4 (13. dxc5
$143 Rxc5 14. Bg3 Qe7 15. Qd2 d5 $11 {Arlandi,E-Ruck,R/Istanbul,2003(0-1)(28)})
13... d5 $5 $146 {Very intersting novelety of Viorel Bologan.Black sacrifices
a pawn for a long time compensation,that expresses in activity of his pieces.}
(13... Qc7 $6 {You can see comments to Mozetic,D-Kalesis,N/Karditsa,1994/CBM
43(1-0)(Ftacnik,L)(39)}) 14. cxd5 ({It deserves serious attention:} 14. dxc5 $5
Rxc5 15. Nxf6+ Nxf6 16. Rd1 {[%csl Gd1,Rd8]} Re8 $5 {[%csl Re3,Ge8]} 17. b4
$140 Rc8 {[%csl Rc3,Gd8,Rh4][%cal Gf6e4] Black threatens "Ne4".} 18. Bxf6 (18.
Be2 $4 Ne4 19. Qxg7+ Kxg7 20. Bxd8 Nc3 $19 {[%csl Rd1,Rd8,Re2]}) 18... gxf6 19.
Qd4 {+/=/=}) 14... Nxd5 15. Bxd8 $8 Nxc3 16. Bxb6 $6 {White can't claim the
advantage by taking this pawn.Black's pieces are too active,while White's
pieces ones are still undeveloped.} ({It deserves more attention:} 16. Be7 $5
Rfe8 17. Bd6 (17. Bh4 Nd5 18. e4 Nf4 $13 {[%csl Gf4]}) 17... Nd5 {[%csl Gd5,
Re3][%cal Gf7f5,Gh6h5,Yg4e3,Gd5e3]} 18. Bb5 $5 {[%csl Rd7,Re8]} (18. e4 $143 f5
19. Bb5 Bc6 20. Ba6 fxg4 $8 21. Bxc8 Rxc8 22. exd5 Bxd5 23. dxc5 gxf3 24. gxf3
Nxc5 $11) 18... Bc6 (18... Red8 $5 19. e4 h5 20. exd5 hxg4 21. dxe6 fxe6 22.
Be7 gxf3 23. gxf3 cxd4 24. Bxd8 Rxd8 25. Rf1 Ne5 $44 {[%csl Gd4]}) (18... Rcd8
$2 19. dxc5 bxc5 20. Bxd7 Rxd7 21. Bxc5 $16) 19. Ba6 h5 $1 {[%csl Re3,Yg4]
[%cal Yg4e3,Gh5g4]} 20. Bxc8 Rxc8 21. Ne5 (21. e4 $143 hxg4 22. exd5 Bxd5 23.
dxc5 gxf3 24. gxf3 Nxc5 {=/=/+}) 21... Nxe3 22. Kf2 Nc2 23. Rac1 Nxd4 24. Nxd7
Bxd7 $13 {Black has good material compensation for a quality,but it's still a
quality...}) ({Leads to unclear position:} 16. Bh4 Nd5 17. e4 Nf4 18. Bg3 Ng6 {
[%csl Re4,Rg4][%cal Gf7f5]}) 16... Nxb6 17. bxc3 cxd4 18. cxd4 Rc2 $44 {
<->c (עe1,Pg2)} 19. Nf2 {And nevertheless it was not necessary to hasten with
this move.} (19. Rg1 $5 {[%csl Yg1,Rg2][%cal Yg1g2,Gf1d3]} Rfc8 20. Bd3 Rb2 21.
Nf2 Rb3 {[%csl Re3][%cal Gb6d5]} 22. Kd2 Rb2+ 23. Ke1 Rb3 (23... Nd5 $143 24.
Nd1 Rb3 25. Kd2 $14) 24. Ke2 Rb2+ 25. Ke1 Rb3 $11) 19... Nd5 20. Nd1 {[%cal
Ye3e4,Yd1e3]} f5 $1 {[%csl Yf5][%cal Yf5e4] Black in turn prevent a "e4".} 21.
Rg1 ({Can be recommended:} 21. Rb1 $5 Bc6 (21... Ba8 $143 22. Rg1 Ra2 23. Rb3
$14 {[%csl Yb3][%cal Yb3a3,Yb3e3]}) 22. Rg1 Ra2 23. Rc1 Bb7 (23... Ba4 $5) 24.
Bc4 Rxa3 25. Kd2 $11) 21... Rfc8 22. Bd3 Rc1 {For Black it's certainly
favourable to exchange these rooks.} 23. Rxc1 Rxc1 24. Kf2 ({It was dubiously:
} 24. e4 {in view of:} fxe4 25. fxe4 (25. Bxe4 Ra1 $36 {[%csl Ra3]}) 25... Nf4
{[%csl Gb7,Yd3,Re4,Gf4][%cal Gf4d3]} 26. Kd2 Nxd3 27. Kxd3 Ra1 28. Re1 Bc6 $1
$15 {[%csl Ga1,Gc6,Rd1,Re1][%cal Gc6a4]}) 24... Ra1 25. Bc4 Rxa3 26. Re1 {
[%csl Rc5,Yd1,Re5][%cal Yd1b2,Yb2d3,Yd3c5,Yd3e5]} Ba6 27. Nb2 {The White
pieces are consolidated and now it will be complex to ram their position.} (27.
Bxd5 $143 exd5 28. e4 dxe4 29. fxe4 fxe4 30. Rxe4 Ra2+ 31. Kg3 Kf7 $15 {
[%csl Ga7] and only Black can play for a win here!}) 27... Bxc4 28. Nxc4 Rc3
29. Na5 $6 (29. Ne5 $142 {[%cal Ye5d3]} a5 (29... Rc2+ 30. Re2 Rxe2+ 31. Kxe2
a5 32. Nc4 a4 33. Kd2 $11 {[%cal Ge3e4]}) 30. e4 Nf4 (30... fxe4 31. fxe4 Nf6
32. Ra1 Nxe4+ 33. Ke2 {[%csl Ra5]} Nf6 34. Rxa5 $11) 31. g3 Nd3+ 32. Nxd3 Rxd3
33. Ra1 fxe4 34. fxe4 Rxd4 35. Ke3 $11 {[%csl Ra5,Ye3][%cal Ge3d4,Ye3e4]})
29... f4 {Probably,Black misses his chance.White weakened a point "d3" ,with
his last move,something that Black had use it:} (29... Nb4 $5 {[%csl Rd3,Re1,
Rf2][%cal Gb4d3]} 30. Re2 (30. Rb1 $6 Rc2+ 31. Kg3 Nd5 $36 {[%csl Re3,Rg3]
[%cal Gg7g5]}) 30... Nd3+ 31. Kg3 g5 32. Nb7 Nc1 $1 {[%csl Ye2,Re3][%cal Gc3e3,
Gc1e2]} 33. Re1 Rc2 {[%csl Rg3][%cal Gc1e2]} 34. h4 Ne2+ 35. Kh2 f4 {[%csl Rd4,
Ye3,Gf4][%cal Ye3d4,Gf4e3]} 36. hxg5 hxg5 $15) 30. exf4 Nxf4 31. Re4 $1 {
[%csl Re6,Yf4][%cal Ge4f4,Ge4e6,Yf4e6][%mdl 256]} (31. Kf1 $143 {[%csl Re6]
[%cal Gg2g3,Gg3f4,Yf4e6]} Kf7 $15 {[%csl Yf7]}) 31... Rc2+ 32. Kf1 Nxg2 33.
Rxe6 Nh4 {[%csl Rf3,Rh2]} 34. d5 $15 {[%csl Gd5][%cal Gd5d6] Joel does not
want to think only about defence,he searches a counterplay.} Nxf3 35. h3 Rd2
36. Nc6 {[%csl Ra7]} (36. Ra6 $4 {is refuted by:} Rxd5 37. Rxa7 Rh5 {[%csl Rh3]
[%cal Gf3g5,Gh5h3]} 38. Nc6 Ng5 $1 {[%csl Yh5][%cal Gg5h3,Yh5f5]} 39. Ne7+ $140
Kh7 40. Nf5 Ne6 {[%csl Ye6,Rf1,Rf5,Rh3,Gh5]}) 36... Rxd5 37. Re3 {[%csl Ra7,
Rf3]} Nd2+ $6 (37... Rc5 $142 38. Nxa7 Ng5 {[%csl Ra7]} 39. Kg2 Kf7 40. Rb3 $15
{[%csl Yb3][%cal Ya7b5]}) 38. Ke2 Kh7 39. Nxa7 {In these types of endgames
practically it is impossible to use material advantage.} Nc4 40. Rc3 Ne5 (40...
Rc5 {[%csl Ra7]} 41. Kf2 {[%cal Ya7b5]} g5 42. Nb5 $15) 41. Nc6 Ng6 ({Leads to
absolutely equality:} 41... Nxc6 42. Rxc6 {[%cal Ye2f2,Yf2g2,Yc6c3,Yc3h3,Yg2h3]
}) 42. Kf3 Rf5+ 43. Kg3 Rg5+ 44. Kh2 Nh4 45. Nd4 Rg2+ 46. Kh1 Rf2 47. Kg1 Rd2
48. Nf3 Rg2+ {It's sole minimal practical chance for win in this game.} 49. Kf1
$8 (49. Kh1 $4 Rg3 {[%csl Rc3,Rf3,Rh1][%cal Gg3h3]}) 49... Rg3 50. Kf2 Rxf3+ (
50... Rxh3 $2 51. Ng5+ hxg5 52. Rxh3 $11) 51. Rxf3 Nxf3 52. Kxf3 Kg6 53. Kg4
Kf6 {[%csl Gf6][%cal Gf6e5]} 54. Kf4 $8 {[%csl Yf4][%cal Yf4e5,Yf4f5]} g5+ 55.
Kg4 {[%cal Gh3h4]} Kg6 $8 56. Kf3 h5 (56... Kf5 $144 57. Ke3 Ke5 58. Kf3 {
[%csl Rh6][%cal Gf3g4,Gg4h5]} Kf5 59. Ke3 h5 60. Kf3) 57. Kg2 Kg7 58. Kg3 Kf8
59. Kf2 $1 {[%csl Yf2,Gf8] White keeps the long opposition!!!} Ke8 60. Ke2 Kd8
61. Kd2 Kc7 62. Ke3 ({Everything,but not:} 62. Kc3 $4 g4 63. hxg4 h4 {[%csl
Gh4][%cal Gh4h3]} 64. g5 Kd6 65. g6 Ke7 $19 {[%csl Ye7]}) 62... Kd6 63. Kd2 Ke5
64. Ke3 {Drawn game is inevitable.} Kd5 65. Kd3 Ke5 1/2-1/2

[Event "Redbus KO"]
[Site "Southend"]
[Date "2001.04.13"]
[Round "1.1"]
[White "Ward, Christopher"]
[Black "Adams, Michael"]
[Result "1/2-1/2"]
[WhiteElo "2505"]
[BlackElo "2750"]
[Annotator "Golod,V"]
[PlyCount "68"]
[EventDate "2001.04.13"]
[EventType "k.o."]
[EventRounds "4"]
[EventCountry "ENG"]
[SourceTitle "CBM 083"]
[Source "ChessBase"]
[SourceDate "2001.07.05"]
[SourceVersion "1"]
[SourceVersionDate "2001.07.05"]
[SourceQuality "1"]

1. c4 Nf6 2. d4 e6 3. Nc3 Bb4 4. Qc2 O-O 5. a3 Bxc3+ 6. Qxc3 Ne4 7. Qc2 f5 8.
Nh3 d6 9. f3 (9. b3 $5 {You can see comments to Knaak,R-Sjodahl,P/Germany,2000/
CBM 76(1-0) (Golod,V)(32)}) 9... Nf6 10. e3 {It's main line.Other
possibilities are:} (10. Bd2 $5 {See comments to Vera,R-Roeder,M/Santa Clara,
2000/CBM 78(1-0)(Golod,V((27)}) ({and} 10. Bg5) 10... e5 ({Other options are:} 
10... Qe7 $5 {See comments to Kharlov,A-Vyzmanavin,A/Novosibirsk,1995/ CBM 50 
(1-0)(Chekhov,V)(59)}) (10... c5 $5) (10... a5) ({and} 10... Nc6) 11. dxe5 (11.
Be2 $5 {See comments to Sergienko,S-Volzhin,A/Samara,2000/CBM 78(½-½) (Golod,
V)(39)}) 11... dxe5 12. Nf2 $5 {[%mdl 4]} (12. Be2 $5 {See comments to
Alterman,B-Gofshtein,L/Israel,1999/CBM69(1-0) (Alterman,B)(46)}) 12... Nc6 ({
Only some moves have followed in a game:} 12... Qe7 $5 13. Be2 Nc6 14. O-O a5 {
1/2-1/2 Hoang Thanh Trang-Danner,G/Budapest,2001(14)}) 13. b4 ({Was checked in
the previous games:} 13. Bd2 $5 {/\0-0-0} Qe7 (13... f4 $5 14. O-O-O fxe3 15.
Bxe3 Nd4 16. Bxd4 exd4 17. Bd3 $1 {Vera,R-Williams,P/North Bay,1997/Inf 70/
(496) (Vera,R)(19)}) 14. O-O-O e4 $1 (14... Be6 $143 15. h3 a5 16. g4 Nd7 17.
Bd3 $14 {Dearing,E-Rayner,F/Scarborough,1999(1/2-1/2)(40)}) 15. f4 Be6 16. Rg1
Rad8 17. Be2 (17. h3 $5 h5 $140 18. g4 $13) 17... h5 18. g3 Rd7 19. h3 Rfd8 $13
{Hlian,E-Terterians,V/Podolsk,1992(0-1)(58)}) 13... f4 $5 $132 (13... Qe8 $143
14. Be2 Ne7 15. O-O Ng6 16. Bb2 Be6 17. a4 c6 18. b5 c5 19. a5 $14 {Arlandi,
E-Hulak,K/Makarska,1996(1/2-1/2)(63)}) (13... Be6 $5 14. b5 Ne7 15. Bb2 Ng6 16.
a4 Nd7 17. g3 f4 $132 {Konnov,O-Kuzuev,D/Orsk,2000 (1-0)(33)}) 14. Bd3 {/\0-0}
a5 $1 $146 {The next move of black considerably wins in force after that
inclusions.} ({Pretty dubious:} 14... e4 15. Bxe4 Nxe4 16. Nxe4 Qh4+ 17. Qf2
Qxf2+ 18. Kxf2 fxe3+ 19. Bxe3 Ne5 20. Bd4 (20. c5 $5) 20... Nxc4 21. Rhc1 b5
22. a4 c6 23. axb5 cxb5 24. Rxa7 Rxa7 25. Bxa7 $16 {+/=/+/- Kozul,Z-Zelcic,R/
Pula,1996(1/2-1/2)(83)}) 15. b5 $140 {It's much better,than:} (15. Rb1 $6 axb4
16. axb4 Qe7 {[%csl Rb4,Gc6,Re3,Ge7] and the position white cracks on
different flanks.}) 15... fxe3 16. Bxe3 Nd4 17. Bxd4 $6 ({Can be recommended:} 
17. Qb2 {+/=/=}) 17... Qxd4 (17... exd4 $143 18. O-O {/\Rfe1<->e +/=}) 18. O-O
Be6 $11 19. Rfd1 (19. Rad1 $143 Qc5 {[%csl Ra3]}) 19... Qc5 20. Kh1 Rad8 {
<->d;/\Rd4,Rad8} 21. Ne4 $1 {Only in such a way white save a equal position.}
Nxe4 22. Bxe4 {[%csl Rb7,Rh7]} Qxc4 ({Senselessly:} 22... h6 {because of:} 23.
Bxb7 Qxc4 24. Qxc4 Bxc4 25. Bc6 {+/=/=}) 23. Bxh7+ ({Clearly that is bad:} 23.
Qxc4 Bxc4 24. Bxb7 Bxb5 $17) 23... Kh8 24. Rdc1 ({Also leads to equality:} 24.
Qxc4 Bxc4 25. Be4 b6 (25... Bxb5 $143 26. Bxb7 {+/=/=}) 26. Bc6 Be2 $1 {<->d}
27. Rdc1 $11 {[%csl Rc7]}) 24... Qxc2 ({Very riskyly:} 24... Qxb5 {because of:}
25. Be4 {[%csl Rb7,Rc7,Rh8]} c6 26. Rab1 Qa6 27. Qc5 $36 {[%csl Re5,Rh8]}) 25.
Bxc2 b6 26. Re1 ({Nothing changes:} 26. Be4 Rf7 {[%csl Yf7][%cal Yf7c7]}) 26...
Bf5 27. Rac1 ({Is a possible continuation of the play:} 27. Bb3 Rd3 28. Bc2 Rd5
29. Bxf5 Rxf5 $11) 27... Bxc2 28. Rxc2 Rf7 {[%csl Rh1]} 29. h3 Rd5 $11 30. Rec1
{The result of a game already at anybody does not cause doubt.} (30. a4 $143
Rd4 {[%csl Ra4]}) 30... Rxb5 31. Rxc7 Rxc7 32. Rxc7 Rb3 33. a4 Rb4 34. Rb7 {
[%csl Rb6]} e4 (34... e4 35. fxe4 Rxe4 36. Rxb6 Rxa4 $11) 1/2-1/2

[Event "Elgoibar 14th"]
[Site "Elgoibar"]
[Date "2004.12.17"]
[Round "7"]
[White "Flear, Glenn C"]
[Black "Gomez Esteban, Juan Mario"]
[Result "1/2-1/2"]
[WhiteElo "2457"]
[BlackElo "2475"]
[Annotator "Golod,V"]
[PlyCount "49"]
[EventDate "2004.12.11"]
[EventType "tourn"]
[EventRounds "9"]
[EventCountry "ESP"]
[EventCategory "10"]
[SourceTitle "CBM 105"]
[Source "ChessBase"]
[SourceDate "2005.04.11"]
[SourceVersion "1"]
[SourceVersionDate "2005.04.11"]
[SourceQuality "1"]

1. d4 Nf6 2. c4 e6 3. Nc3 Bb4 4. Qc2 O-O 5. e4 d5 6. e5 Ne4 7. Bd3 c5 8. a3 $5
{Very rare line.Besides,you can see my annotations to two another options:} (8.
Nge2 $5 {Hillarp Persson,T-Polgar,J/Sigeman & Co,2000/CBM 77(1/2-1/2)(29)}) (8.
cxd5 $5 {Carlsen,M-Aronian,L/Tripoli,2004/CBM 102(1/2-1/2)(31)}) 8... Ba5 $5 ({
On:} 8... Bxc3+ {I have found eleven games in Mega DataBase 2005.For an
example we shall consider two most interesting of them:} 9. bxc3 cxd4 10. cxd4
Qa5+ 11. Kf1 Bd7 $5 12. Ne2 f6 13. exf6 $5 (13. Bxe4 dxe4 14. exf6 Rxf6 15. Be3
Bc6 16. h4 $14 {[%cal Gh1h3,Gh3g3] You can see comments to game: Shariyazdanov,
A-Pikula,D/Biel,2002/Inf 86/491(1/2-1/2)(Shariyazdanov,A; Lisenko,A)(42)})
13... Nxf6 14. Bd2 Qc7 15. Bf4 Qc8 16. c5 Nc6 17. Bd6 Rf7 18. f3 $14 {
Doroshkievich,V-Biriukov,O/St.Petersburg,2003(1-0)(59)}) 9. Bxe4 ({Leads to
favourable complications for contender:} 9. dxc5 $6 Bxc3+ 10. bxc3 Nd7 11. Bxe4
dxe4 12. Be3 Nxe5 $132 {Zimmerman,Y-Wells,P/HUN,1998(0-1)(39)}) 9... dxe4 10.
dxc5 Nc6 ({Once was checked in the preceding game:} 10... Qd4 $6) 11. b4 ({
Hardly it was better:} 11. Bf4 f5 12. exf6 Qxf6 13. Nge2 e5 14. Be3 Nd4 $132 {
Moen,A-Acs,P/Stockholm,2003(0-1)(42)}) 11... Bc7 12. Nxe4 Nxe5 ({Leads to
benefit of the contender:} 12... Bxe5 $6 13. Bb2 Nd4 14. Qd3 Nf3+ $140 15. Qxf3
Bxb2 16. Rd1 Qc7 17. Ne2 {+/=/+/-}) 13. Be3 f5 {Black strengthen a position of
his pieces in the centre and,at case,prepare progress "f4".} 14. Rd1 Bd7 $5
$146 {Is paradoxical,but this logical move is a novelty.The game,which have
reached this position was continued as follows:} (14... Qh4 $5 15. Nd6 (15. Nd2
$6 Qg4 $36) 15... Bxd6 16. cxd6 Nxc4 17. Qc3 (17. Qe2 $5 {/\Rd4}) 17... b5 18.
Nf3 Qg4 19. h3 Qg6 20. O-O Bb7 21. Bc5 $13 {1/2-1/2 Zimmerman,Y-Lukacs,P/
Hungary,1999}) 15. Nd6 ({I can not recommended in this position:} 15. Ng5 Qf6
16. N1f3 Bc6 $13) ({or} 15. Bg5 $6 Qe8 $1 16. Nd6 Bxd6 17. cxd6 (17. Rxd6 $143
Nf7 {[%csl Rd6,Rg5]}) 17... Ba4 18. d7 Bxc2 19. dxe8=Q Raxe8 $36) 15... Bc6 {
/^a8-h1(קg2)} 16. Kf1 $5 {It's rather difficult to continue a game without
this logical move.} ({It was impossible to take away the Pf5:} 16. Nxf5 $2 Qf6
{(פf5,Pg2)}) ({or Pb7:} 16. Nxb7 $2 Qe7 {(פb7,Pg2)}) ({Less essentially next
continuations:} 16. f3 Bxd6 17. cxd6 Qh4+ 18. Bf2 Qxc4 19. Qxc4 Nxc4 20. Bh4
$11) ({and} 16. Nb5 Qe7 17. Nxc7 Qxc7 18. f3 Rad8 $132 {<->d}) 16... Qh4 $1 {
Now Black has,as a minimum,an equal chances in the subsequent tactical
complications.} 17. Bd4 ({Leads to unclear position:} 17. b5 Be4 $1 18. Nxe4
fxe4 19. Rd4 $1 (19. g3 $143 Qh5 {[%csl Rd1]}) 19... Ng4 20. Rxe4 Qh5 $1 $13) (
17. g3 $2 {is refuted by:} Qh5 {[%csl Rh1]}) 17... Bxd6 $1 $11 ({It was very
dubiously:} 17... Ng4 {in view of:} 18. Nf3 $1 Bxf3 19. gxf3 {with obvious
advantage of White:} e5 20. Bb2 Nxh2+ 21. Ke2 e4 $140 $2 22. Rdg1 $1 $18 {
[%csl Rg8][%cal Gc2c3]}) 18. cxd6 $140 Nxc4 $1 19. Qxc4 $140 {White had no
other worthy alternative!} Bxg2+ 20. Kxg2 Qg4+ 21. Kf1 Qxd1+ 22. Kg2 Qg4+ 23.
Kf1 Qd1+ $11 {Black are obliged to repeat moves.} ({After:} 23... Rac8 $6 24.
Qxe6+ Kh8 25. Ne2 (25. Bc5 $6 Qd1+ 26. Qe1 $2 (26. Kg2 Qg4+ $11) 26... Qd5 $1
27. f3 $140 Rfe8 $40) 25... Rce8 26. Qc4 Rxe2 27. Bxg7+ {Black should play
extreme precisely for the equation of a position:} Kxg7 $1 (27... Qxg7 $143 28.
Kxe2 (28. Qxe2 $6 Rg8 $44) 28... Qe5+ 29. Kf3 Qxd6 30. Qc3+ Rf6 31. Re1 $14)
28. Qxg4+ (28. Qxe2 Qh3+ 29. Ke1 Qc3+ 30. Kf1 Qh3+ $11) 28... fxg4 29. Kxe2
Re8+ $1 30. Kd3 $140 Rd8 $11 {[%csl Rd6]}) 24. Kg2 Qg4+ 25. Kf1 {This game was
very interesting and important for the theory of this variant.} 1/2-1/2

[Event "Olympiad-34"]
[Site "Istanbul"]
[Date "2000.11.06"]
[Round "9.1"]
[White "Seirawan, Yasser"]
[Black "Gelfand, Boris"]
[Result "1/2-1/2"]
[WhiteElo "2647"]
[BlackElo "2681"]
[Annotator "Golod,V"]
[PlyCount "133"]
[EventDate "2000.10.28"]
[EventType "team-swiss"]
[EventRounds "14"]
[EventCountry "TUR"]
[SourceTitle "EXT 2001"]
[Source "ChessBase"]
[SourceDate "2000.11.22"]
[SourceVersion "1"]
[SourceVersionDate "2000.11.22"]
[SourceQuality "1"]
[WhiteTeam "US of America"]
[BlackTeam "Israel"]
[WhiteTeamCountry "USA"]
[BlackTeamCountry "ISR"]

1. d4 Nf6 2. c4 e6 3. Nc3 Bb4 4. Qc2 O-O 5. a3 Bxc3+ 6. Qxc3 b6 7. Bg5 Bb7 8.
e3 d6 9. Nf3 Nbd7 10. Nd2 Rc8 $5 ({Another alternative is:} 10... c5 $5 11. f3
(11. dxc5 $143 {See comments to Dreev,A-Salov,V/President's Cup,1998/CBM65(1/
2-1/2)(Golod,V) (36)}) 11... Rc8 $5 {See comments to Dreev,A-Razuvaev,Y/St.
Petersburg,1998/CBM 67 (1-0)(Golod,V)(40)}) 11. b4 $5 $146 ({Was checked in
the three previous games:} 11. f3 c5 12. Be2 Re8 13. O-O (13. dxc5 Rxc5 14.
Bxf6 {1/2-1/2 Kiriakov,P-Polak,T/Olomouc,1999(14)}) 13... h6 14. Bh4 d5 15.
dxc5 bxc5 16. Rfd1 Qb6 17. Bf2 a5 18. Rab1 a4 $11 {Suvrajit,S-Kunte,A/Calcutta,
2000(0-1)(47)}) (11. Bd3 $6 c5 (11... Bxg2 $5 12. Rg1 Bb7) 12. O-O h6 13. Bh4
d5 $11 {Kahn,E-Szilagyi,P/Hungary,1996(1/2-1/2)(45)}) 11... Re8 {Boris Gelfand
does not hasten with 11...e5 or 11...c5,leaving itself additional
opportunities.} 12. Qb2 {White prepare f3 and e4.} ({At once badly:} 12. f3 {
because of:} Nd5 $1 13. Bxd8 (13. cxd5 Qxg5 $15) 13... Nxc3 14. Bg5 c5 $1 $36)
12... c5 ({After:} 12... h6 13. Bh4 e5 $6 14. d5 {white has a big positional
advantage.}) 13. dxc5 dxc5 ({Is a possible continuation of the play:} 13...
bxc5 $5) 14. f3 Qc7 {[%csl Yc7,Rd8,Gg5][%cal Yd8c7]} 15. Be2 Nh5 {/\f5 and e5}
({Nor equalizes:} 15... cxb4 $6 16. axb4 a5 17. O-O $14) (15... e5 $5) 16. O-O
f5 17. Rfd1 Nhf6 18. Nb3 e5 {Despite of pawns centre of the black,at white has
a positional advantage because of: 1) strong bishop"g5"; 2) opportunities of
capture of <->d.} 19. Rd2 Nf8 20. Rad1 $14 (20. Bxf6 $143 gxf6 21. Rad1 Qg7 {
[%csl Gb7,Gg7] <->g}) 20... Qf7 21. Rd6 {Not so it is clear the ambassador:} (
21. bxc5 bxc5 22. Na5 Ba8 23. Rd6 Ne6) 21... Ne6 22. Bh4 f4 23. exf4 ({Dubious:
} 23. Bf2 {because of:} e4 $132) 23... Nxf4 24. Bf1 cxb4 25. axb4 Qh5 ({
In my opinion,a little bit better is:} 25... Re6 $5) 26. Bg3 $1 ({Does not
promise anything good} 26. Bxf6 gxf6 27. Rxf6 Qg5 {[%csl Rf6,Rg1][%cal Gg5f6,
Gb7f3]}) 26... Qg5 {[%cal Gh7h5,Gh5h4]} 27. c5 N6h5 28. Qf2 e4 {[%cal Ge4e3]
Boris tries to correct positional lacks through- tactics.} 29. Bxf4 Nxf4 30.
Qg3 $1 Qe5 ({Loses right away:} 30... Nh3+ 31. gxh3 $1 (31. Qxh3 Qe3+ 32. Kh1
Qxb3 33. Qd7 $16) 31... Qe3+ 32. Kh1 Qxb3 33. Rd7 g6 34. Qh4 $1 {[%csl Rg8]}
Qxf3+ 35. Bg2 Qh5 36. Qxh5 gxh5 37. Rxb7 $18) 31. fxe4 Bxe4 32. Rd7 Bc2 33.
R1d2 Bxb3 34. Qxb3+ Kh8 35. g3 {The checkpoint pawn"c5" provides till
advantage white.} Ng6 $6 ({It deserves attention:} 35... Ne6) 36. Re2 ({
Senselessly for white:} 36. R2d5 Qe1 37. Rd1 Qe5) 36... Qa1 37. Rd1 Qf6 38. Rf2
Qe5 39. Bh3 $1 {[%csl Gc5,Yh3][%cal Yh3c8] On this diagonal the white's bishop
helps to pawn "c5" to advance.} Rc7 40. Bd7 Rf8 41. Rxf8+ Nxf8 42. Qf3 Qf6 ({
Impossibly:} 42... Nxd7 $4 {because of:} 43. Qa8+) 43. Qxf6 gxf6 44. c6 $14 {
[%mdl 4096]} a6 $1 {[%mdl 256] Against 45.b5 (קc6)} 45. Be8 {[%cal Gd1d8]} ({
Weakly:} 45. Kf2 Kg7 46. Ke3 Kf7 $11 {[%cal Gf7e7]}) 45... Rc8 {Again only
protective move.} 46. Re1 Ng6 {[%csl Rc6][%cal Gg6e5]} 47. Bd7 Rc7 48. Re8+ Kg7
49. Rc8 (49. Rb8 Ne5 50. Rxb6 Nxd7 51. cxd7 Rxd7 52. Rxa6 Rd1+ 53. Kg2 Rb1 {
with huge chances of rescue.}) 49... Rxc8 50. Bxc8 Ne7 51. Bb7 $1 {Differently,
after:} (51. Bd7 Nd5 {[%csl Rc6][%cal Ga6a5,Ge7d6,Gg7f7,Gf7e7] black has a
advantage in the endgame.}) 51... Nd5 $140 52. Bxa6 f5 53. Bc4 Nc7 54. Bd3 (54.
b5 Kf6 55. Kf2 Ke5 56. Ke3 h6 57. h3 Ne8 {also it is not visible how further
to strengthen a position.}) 54... Kf6 {Now activity of the black king
compensates shortage of a material.} 55. g4 fxg4 56. Bxh7 Ke5 $1 {Now draw it
turns out so: the black's king takes away white's pawn"c6", should return to a
corner h8 and to give back knight for white's pawn"b4".} 57. Kf2 Kd5 58. Kg3
Kxc6 59. Kxg4 Kd6 {[%csl Yh7,Gh8][%cal Gd6e7,Ge7f8]} 60. Bd3 Ke7 61. Kf5 Kf8
62. Ke5 b5 $1 {[%csl Rb4][%cal Gc7a6]} 63. Kd4 Na6 64. Kc3 Nxb4 65. Kxb4 Kg7
66. Kxb5 Kh8 {It's theoretical draw.} 67. Kc5 1/2-1/2